| 000 | 00751nam a2200229 4500 | ||
|---|---|---|---|
| 001 | 122943 | ||
| 003 | ES-MaACL | ||
| 005 | 20230906192055.0 | ||
| 007 | t| | ||
| 008 | 070214s1978 sp r ||||0| spa d | ||
| 100 | 1 |
_aPronzato, Alessandro. _994030 |
|
| 245 | 1 | 3 |
_aEl acoso de Dios _b: meditaciones sobre la vida religiosa según el año litúrgico / _cAlessandro Pronzato ; tradujeron G. González y G. Mártil. _n, . III, _pCuaresma y Pascua. |
| 250 | _a5ª ed. | ||
| 260 |
_aSalamanca : _bSígueme, _c1978. |
||
| 300 |
_a311 p ; _c21 cm. |
||
| 490 | 1 | _aNueva Alianza | |
| 700 | 1 |
_aGonzález, G. _958314 |
|
| 700 | 1 |
_aMártil, G. _977254 |
|
| 830 | 0 |
_aNueva Alianza _9181320 |
|
| 852 |
_aES-MaACL _jA-9511 _bR.98401 |
||
| 999 |
_c122943 _d122943 |
||